Лекции по динамическим системам. Гамильтоновы векторные поля и симплектические емкости: пер. с англ.

Bibliografiske detaljer
Hovedforfatter: Цендер Э. Эдуард
Summary:Книга представляет собой вводный курс по динамическим системам, составленный автором на основе прочитанных им лекций. Большое внимание в лекциях уделяется явлению неустойчивости, а также связи динамики с геометрией фазового пространства. В частности рассматривается класс глобальных симплектических ин­вариантов — так называемые симплектические емкости. В последней главе демон­стрируется, как этот инструмент используется для поиска периодических решений на компактных регулярных поверхностях энергии. В книге представлено большое количество ссылок. Предназначена для студен­тов, преподавателей и всех читателей, интересующихся математикой.
Sprog:russisk
Udgivet: Москва, Институт компьютерных исследований, 2015
Fag:
Format: Bog
KOHA link:https://koha.lib.tpu.ru/cgi-bin/koha/opac-detail.pl?biblionumber=303564

MARC

LEADER 00000nam0a2200000 4500
001 303564
005 20231102001621.0
010 |a 9785434402323 
035 |a (RuTPU)RU\TPU\book\328787 
090 |a 303564 
100 |a 20150903d2015 m y0rusy50 ca 
101 1 |a rus  |c eng 
102 |a RU 
105 |a a j 001zy 
200 1 |a Лекции по динамическим системам. Гамильтоновы векторные поля и симплектические емкости  |e пер. с англ.  |f Э. Цендер 
210 |a Москва  |a Ижевск  |c Институт компьютерных исследований  |d 2015 
215 |a 409 с.  |c ил. 
320 |a Библиогр.: с. 401-408. 
330 |a Книга представляет собой вводный курс по динамическим системам, составленный автором на основе прочитанных им лекций. Большое внимание в лекциях уделяется явлению неустойчивости, а также связи динамики с геометрией фазового пространства. В частности рассматривается класс глобальных симплектических ин­вариантов — так называемые симплектические емкости. В последней главе демон­стрируется, как этот инструмент используется для поиска периодических решений на компактных регулярных поверхностях энергии. В книге представлено большое количество ссылок. Предназначена для студен­тов, преподавателей и всех читателей, интересующихся математикой. 
606 1 |a Динамические системы, теория  |2 stltpush  |3 (RuTPU)RU\TPU\subj\59465  |9 77000 
610 1 |a гиперболические неподвижные точки 
610 1 |a инвариантные многообразия 
610 1 |a гиперболические множества 
610 1 |a градиентно-подобные потоки 
610 1 |a гамильтоновы векторные поля 
610 1 |a симплектические диффеоморфизмы 
610 1 |a симплектические инварианты 
675 |a 517.938  |v 4 
700 1 |a Цендер  |b Э.  |g Эдуард 
801 1 |a RU  |b 63413507  |c 20150903 
801 2 |a RU  |b 63413507  |c 20151127  |g RCR 
900 |a Математика 
900 |a Дискретная математика 
900 |a Общая теория динамических систем 
942 |c BK 
959 |a 108/20150903  |d 1  |e 580,00  |f ЧЗТЛ:1